skbl

Dr Suryya Kumar Bhuyan Library Web-OPAC
ডঃ সূৰ্য্য
কুমাৰ ভূঞা পুথিভঁৰাল ৱেব-অ'পেক

All Research Scholars are advised to clear the annual library fees to continue using Library Resources, Remote Access, Plagiarism Test and Library Clearance.

Cotton University Book Fair 2026

Dissertation on North Eastern of India(An index to D Litt.,M.Phil., Phd ,M.Phil M. Ed. &M. Sc .Theses&Di ssertation up to 1982 / (Record no. 1820)

MARC details
000 -LEADER
fixed length control field 00835nam a2200253Ia 4500
001 - CONTROL NUMBER
control field 1825
005 - DATE AND TIME OF LATEST TRANSACTION
control field 20240113233517.0
007 - PHYSICAL DESCRIPTION FIXED FIELD--GENERAL INFORMATION
fixed length control field ta
008 - FIXED-LENGTH DATA ELEMENTS--GENERAL INFORMATION
fixed length control field 050212s1983 a g b000 u eng u
040 ## - CATALOGING SOURCE
Original cataloging agency Reference
041 ## - LANGUAGE CODE
Language code of text/sound track or separate title eng
082 ## - DEWEY DECIMAL CLASSIFICATION NUMBER
Classification number 010
Item number pa 27 do
100 ## - MAIN ENTRY--PERSONAL NAME
Personal name Pathak , Lalit .
245 #0 - TITLE STATEMENT
Title Dissertation on North Eastern of India(An index to D Litt.,M.Phil., Phd ,M.Phil M. Ed. &M. Sc .Theses&Di ssertation up to 1982 /
Statement of responsibility, etc. Lalit Pathak.
Medium Textual Documents
250 ## - EDITION STATEMENT
Edition statement Ist Edition /
260 ## - PUBLICATION, DISTRIBUTION, ETC.
Place of publication, distribution, etc. Shillong :
Name of publisher, distributor, etc. North Eastern Hill University Library ,
Date of publication, distribution, etc. 1983.
300 ## - PHYSICAL DESCRIPTION
Extent 125p. :
Other physical details ill ;
Dimensions 27Cm .
500 ## - GENERAL NOTE
General note Two Part(i) Natural Science,( ii )Humanities&Social Science)
504 ## - BIBLIOGRAPHY, ETC. NOTE
Bibliography, etc. note Bibliographies on North Eastern India 4
653 ## - INDEX TERM--UNCONTROLLED
Uncontrolled term Dissertation
942 ## - ADDED ENTRY ELEMENTS (KOHA)
Source of classification or shelving scheme Dewey Decimal Classification
Koha item type Books
Holdings
Withdrawn status Lost status Damaged status Not for loan Collection Home library Current library Date acquired Coded location qualifier Total checkouts Full call number Barcode Date last seen Copy number Price effective from Koha item type
          Dr. Suryya Kumar Bhuyan Library Dr. Suryya Kumar Bhuyan Library 01/02/2012 00000   010 pa 27 do 228/Ref 13/01/2024 1 01/02/2012 Books

Designed and Maintained by Team SKBL
©1901-2026

Powered by Koha